| 000 | 00374nam a22001577a 4500 | ||
|---|---|---|---|
| 005 | 20180531125355.0 | ||
| 008 | 160621b xxu||||| |||| 00| 0 eng d | ||
| 041 | _aeng | ||
| 082 |
_b8725 _a519.5 |
||
| 100 |
_aDe, Dr,S.N _92390 |
||
| 245 | _aBusiness Mathematic and Statistics | ||
| 260 |
_bScholor Books _c2008 |
||
| 300 | _a845 | ||
| 650 |
_aManagement _9241 |
||
| 942 | _cBK | ||
| 999 |
_c3379 _d3378 |
||